LEADER 01117nam a2200241 i 4500 001 000000215210 003 CaOOAMICUS 005 20120814000000.0 008 120814s1980 it u000 u ita u 013 $a194082 040 $aSeMil$bita 100 1 $aZambarbieri, Annibale.$0(OLS)http://semarc/name/3479 245 10$aParrocchia e mondo contadino tra Ottocento e Novecento :$bMaleo e il parroco Trabattoni /$cAnnibale Zambarbieri. 260 $aLodi :$bCentro di cultura Paolo 6.,$c1980. 300 $aVI, 137 p. :$bill. ;$c21 cm. 490 0 $aSpazi di umanità ;$v1 650 4$aMaleo.$0(OLS)http://semarc/subject/4934 650 4$aContadini - Pianura padana - Storia.$0(OLS)http://semarc/subject/40112 830 0$aSpazi di umanità ;$v1.$0(OLS)http://semarc/title/36849 850 $aSeMil 852 $aSeMil$W1$xVenegono$y1$m3P III 175$j165631$B165631$CSeMilBibl$Z2$F176576 $81 996 $6245$aParrocchia e mondo contadino tra Ottocento e Novecento :$bMaleo e il parroco Trabattoni$9(OLS)http://semarc/title/309899 996 $6260$aLodi :$bCentro di cultura Paolo 6.$9(OLS)http://semarc/publisher/37170 LEADER 00834nam a2200217 i 4500 001 000000086000 003 CaOOAMICUS 005 20180830150004.0 008 180830s1965 xx u000 u und u 013 $a58240 040 $aSeMil$bita 100 1 $aMerton, Thomas,$c .$0(OLS)http://semarc/name/6860 245 10$aDirezione spirituale e meditazione. 260 $aMilano :$bGarzanti,$c1965. 300 $a119 p. 650 4$aPreghiera - Meditazione.$0(OLS)http://semarc/subject/1363 650 4$aDirezione spirituale.$0(OLS)http://semarc/subject/2829 850 $aSeMil 852 $aSeMil$W1$xVenegono$y1$m60 15 5 *$j49799$B49799$CSeMilBibl$Z2$F53599 $81 996 $6245$aDirezione spirituale e meditazione$9(OLS)http://semarc/title/55496 996 $6260$aMilano :$bGarzanti$9(OLS)http://semarc/publisher/29852